Preplánovanie, kontrola a znovu naplánovanie finančného plánu

Finančná kontrola ako nástroj priebežného finančného riadenia. Zásady kontrolnej činnosti. Rozpočtová kontrola. Operatívna finančná kontrola.

Salvato in:
Dettagli Bibliografici
Autore principale: Sochor, Milan
Natura: Capitolo di libro
Lingua:slovacco
Soggetti:
Tags: Aggiungi Tag
Nessun Tag, puoi essere il primo ad aggiungerne!!

MARC

LEADER 00000naa$a2200000$$$4500
001 0145396
005 20240502072621.0
041 0 |a slo 
044 |a SK 
245 1 0 |a Preplánovanie, kontrola a znovu naplánovanie finančného plánu  |c Milan Sochor 
520 |a Finančná kontrola ako nástroj priebežného finančného riadenia. Zásady kontrolnej činnosti. Rozpočtová kontrola. Operatívna finančná kontrola. 
610 2 0 |a riadenie finančné 
610 2 0 |a riadenie operatívne 
610 2 0 |a kontrola finančná 
610 2 0 |a rozpočty 
610 2 0 |a financie 
610 2 0 |a podnik 
610 2 0 |a plánovanie finančné 
100 1 |a Sochor, Milan